| 000 | 00577cam a2200169 a 4500 | ||
|---|---|---|---|
| 020 | _a0195979753 | ||
| 082 |
_a954.91 _bKHA _cN-01, P-146 |
||
| 100 | 1 |
_aKhan, Hamid _946330 |
|
| 245 | 1 | 0 |
_aConstitutional and political history of Pakistan / _cHamid Khan. |
| 260 |
_aKarachi : _bOxford University Press, _c2005. |
||
| 300 |
_axviii, 522 p. ; _c24 cm. |
||
| 526 |
_a0 _b0 _c0 _d954_910000000000000_KHA |
||
| 650 | 0 |
_aConstitutional history _zPakistan. _946331 |
|
| 650 | 0 |
_aNUST _96342 |
|
| 856 | 4 | 2 | _uhttp://www.loc.gov/catdir/enhancements/fy0636/2005309326-d.html |
| 942 |
_2ddc _cBK |
||
| 999 |
_c549686 _d549686 |
||